000 01104nam a22003257a 4500
001 000672
003 DO-SdBNP
005 20180208130550.0
007 000672
008 161109b 2004 mx a ||||| |||| 00| 0 spa d
020 _a9789681909819
040 _aBPMSU
_bspa
_cBPMSU
082 _axxxx
_bxxxx
100 1 _aJanosch
240 1 0 _aIch mach dich gesund, sagte der Bär.
_lEspañol
245 1 0 _aYo te curaré, dijo el pequeño oso /
_cJanosch ; ilustraciones del autor ; traducción, Regino García Badell.
250 _a6ª reimp.
260 _aMéxico :
_bAlfaguara,
_c2004.
_f2007.
300 _a47 p. :
_bil. ;
_c19 cm.
490 1 _aAlfaguara infantil
_8amarilla
500 _aPara niños a partir de los 6 años.
500 _aSexta reimpresión: julio 2007
500 _aIncluye datos de la autora
500 _aTraducción de: Ich mach dich gesund, sagte der Bär
700 1 2 _aGarcía Badell, Regino,
_etr.
830 0 _aAlfaguara infantil
_gamarilla
942 _2ddc
_cBK
945 _aInventariado, 2008/ YL
956 _2LOPEREZ
_310
_620161109
_8BPMSU
_a00041
999 _c11880
_d11880